Europa im Erdölrausch <die> Folgen einer gefährlichen Abhängigkeit
Gespeichert in:
| 1. Verfasser: | |
|---|---|
| Format: | Buch |
| Sprache: | Deutsch |
| Veröffentlicht: |
Zürich
Orell Füssli Verlag
2013
|
| Ausgabe: | 3. Aufl. |
| Schlagworte: | |
| Tags: |
Keine Tags, Fügen Sie das erste Tag hinzu!
|
MARC
| LEADER | 00000nam a2200000 4500 | ||
|---|---|---|---|
| 001 | 0176605 | ||
| 005 | 20240311130911.6 | ||
| 020 | |a 978-3-280-05474-1 | ||
| 041 | 0 | |a ger | |
| 044 | |a CH | ||
| 245 | 1 | 0 | |a Europa im Erdölrausch |b <die> Folgen einer gefährlichen Abhängigkeit |c Daniele Ganser |
| 250 | |a 3. Aufl. | ||
| 264 | 1 | |a Zürich |b Orell Füssli Verlag |c 2013 | |
| 300 | |a 414 s. | ||
| 610 | 2 | 0 | |a ropa |
| 610 | 2 | 0 | |a palivá |
| 610 | 2 | 0 | |a politika energetická |
| 610 | 2 | 0 | |a história |
| 610 | 2 | 0 | |a pokrok technický |
| 610 | 2 | 0 | |a vojny |
| 610 | 2 | 0 | |a rafinérie |
| 610 | 2 | 0 | |a kartely |
| 610 | 2 | 0 | |a kríza energetická |
| 610 | 2 | 0 | |a ceny |
| 610 | 2 | 0 | |a obchod |
| 610 | 2 | 0 | |a elektrárne vodné |
| 610 | 2 | 0 | |a biomasa |
| 610 | 2 | 0 | |a bioplyn |
| 610 | 2 | 0 | |a energia veterná |
| 610 | 2 | 0 | |a energia slnečná |
| 610 | 2 | 0 | |a Európa |
| 100 | 1 | |a Ganser, Daniele | |